00551nam a22001697a 450000500170000001000140001702000260003103500130005703700130007008200120008324501080009526000460020327000620024930000220031150000180033370000300035120100726130339.0 aENG-96964 a9788124114711c495.00 aEN-80497 bDBAD/PUB a320.454 aDemocracy, Nation Building Peace in South Asia :bChallenges and Prospects /cedited by Nalini Kant Jha aNew DelhibHar - Anand Publicationsc2009 aE-49/3 Okhla Industrial Area ,Phase -2bNew Delhie1100202 a239p.c22cm (Hbk) ainclude index aedited by Nalini Kant Jha